000 00624nam a2200181Ia 4500
008 100917s9999 xx 000 0 und d
082 _b8150
100 _aताटके अरविंद
245 _aत्यागमूर्ती पं. मोतीलाल नेहरू
260 _b---
_c1962
300 _a88
365 _b2
520 _aचरित्र
630 _aत्यागमूर्ती पं. मोतीलाल नेहरू
650 _aचरित्र
730 _aत्यागमूर्ती पं. मोतीलाल नेहरू
942 _cBOOK
999 _c613544
_d613541